| 000 | 00520nam a2200169Ia 4500 | ||
|---|---|---|---|
| 999 |
_c32085 _d32085 |
||
| 003 | OSt | ||
| 005 | 20200728100059.0 | ||
| 008 | 190216s9999||||xx |||||||||||||| ||und|| | ||
| 040 | _coclc | ||
| 082 |
_a510 _bSHA/C |
||
| 100 |
_aSharma, Anil _93800 |
||
| 245 | 0 |
_aComplex Analysis, Vector Calculus And Differential Geometry / _cAnil Sharma : Rajeev Sharma |
|
| 260 |
_bS.Vikas And Comp, _aJalandhar: _c2005. |
||
| 300 | _a326p | ||
| 650 | _aMathematics | ||
| 942 |
_cBK _2ddc _h510 _iSHA/C _k510 _mSHA/C |
||